Регионална библиотека "Любен Каравелов" - Русе

Бет и хигиената (Запис номер 400382)

MARC детайли
000 -Лидер
Контролно поле с фиксирана дължина 01236nam a2200337 a 4500
003 - Код на организацията, давaща контролен номер
Контролно поле BLK
005 - Дата и час на последна редакция
Контролно поле 20250623111636.0
008 - Елементи от данни с фиксирана дължина
fixed length control field 201128b bu |||||r|||| 00| | bu d
020 ## - Международен стандартен номер на книга ISBN
Международен стандартен номер на книга ISBN 9786192460372
040 ## - Източник на каталожния запис
Идентификатор на билиотеката - собственик на записа BLK
041 ## - Код за език
Код за езика на текст/звукозапис или на отделно заглавие Български
Код за езика КДБФ Български
080 ## - УДК
Текстов определител УДК Хигиена. Лично здраве. Вж и 614 ; 616-083
УДК код - определител по УДК 613
УДК - код + определител 613
100 ## - Редна дума - Автор
R(LIN) 442898
Автор Кабрера, Алейкс
Авторска отговорност първи автор
139 ## - Редно поле
Редна дума Кабрера, Алейкс
Авторски знак Каб - К 12
245 ## - Сведения за заглавието
Заглавие Бет и хигиената
Редно поле (дума) Алейкс Кабрера; ил. Роса М. Курто ; прев. Ива Костадинова.
257 ## - Страна на издаване
Страна на създаване/издаване България
260 ## - Област на издателските данни
9 (RLIN) 402164
Място на издаване, разпространение и проч. София
Име на издателя, разпространителя и проч. Робертино
Година на издаване 2020
300 ## - Физическа характеристика
Страници 36 с. : с ил.
Размери/Мащаб 24 см
380 ## - Жанр
Жанр Детска отраслова лит.
490 ## - СЕРИИ (Колекции)
9 (RLIN) 442901
Име на серия Поредица за здравословни навици
653 #7 - Ключова дума – ненормативна
9 (RLIN) 199896
Ключова дума хигиена
700 ## - Други автори (авторска отговорност)
9 (RLIN) 442899
Лично име Курто, Роса М.
Автороска отговорност (Описва отношението между автора и произведението) ил.
700 ## - Други автори (авторска отговорност)
Лично име Костадинова, Ива Георгиева
Дати, свързани с автора 1981-
9 (RLIN) 337774
852 ## - Местоположение
Форматна сигнатура Цб 311546
Фондова буква Хранилище
999 ## - СИСТЕМНИ КОНТРОЛНИ НОМЕРА
Koha biblionumber 400382
Koha biblioitemnumber 400382
942 ## - АРТИКУЛИ
Вид на библиотечния материал Книги
Скрит в OPAC Не
Периодичен библиозапис Да
Koha issues (borrowed), all copies 28
944 ## - СЪЗДАВАНЕ И РЕДАКЦИЯ на ЗАПИСА
Създаване/Редакция Създаване
Служител, извършил регистрацията/редакцията 30551
Статус, дата на статуса Бояна Костадинова
944 ## - СЪЗДАВАНЕ И РЕДАКЦИЯ на ЗАПИСА
Създаване/Редакция Редакция
Служител, извършил регистрацията/редакцията Христина Везирева
999 ## - СИСТЕМНИ КОНТРОЛНИ НОМЕРА
Koha biblioitemnumber 400382
999 ## - СИСТЕМНИ КОНТРОЛНИ НОМЕРА
Koha biblioitemnumber 400382
999 ## - СИСТЕМНИ КОНТРОЛНИ НОМЕРА
Koha biblioitemnumber 391820
Наличности
Код за отписване Код за изгубен артикул Източник на класификационната схема Код за повреда Коз за рестрикции Код за отдаване Артикулен № Име на библиотеката - собственик Име на библиотеката, в която се намира в момента Статус (Текущо местоположение) Дата на вписване в системата Местоположение - отдел Цена в лева Систематично азбучна сигнатура Баркод Цена в евро Служебен тип на артикула
  Не е изгубен Universal Decimal Classification Не е повреден без рестрикции заемане за дома 816525 Регионална библиотека "Любен Каравелов" Русе Регионална библиотека "Любен Каравелов" Русе Детски отдел 2021-03-17 Детски отдел 7.12 61/К 12 А 120000853712 3.64 Книги
  Не е изгубен Universal Decimal Classification Не е повреден без рестрикции заемане за дома 816526 Регионална библиотека "Любен Каравелов" Русе Регионална библиотека "Любен Каравелов" Русе Детски отдел 2021-03-17 Детски отдел 7.12 61/К 12 А 120000853711 3.64 Книги
  Не е изгубен Universal Decimal Classification Не е повреден само за читалня ползва се в читалня 877091 Регионална библиотека "Любен Каравелов" Русе Регионална библиотека "Любен Каравелов" Русе Хранилище 2022-03-21 Хранилище 8.90 Цб 311546 120000869456 4.55 Книги
Vip Innovations Ltd, Rousse, Bulgaria 2025